000 00621nam a2200241Ia 4500
003 OSt
005 20220918230606.0
006 a|||||r|||| 00| 0
007 ta
008 220917b |||||||| |||| 00| 0 eng d
024 _a256,223
037 _cTextual
040 _aARTS
_cARTS
_beng
041 _2eng
_aeng
082 _aJ.6, K5;1
100 _aAllan William
245 0 _aAfrican husbandman
260 _aEdinburgh
_bOliver and Boyd London
_c1967
300 _a505p
_ccm.
650 _aAGRICULTURE - AFRICA
_9152901
942 _hJ.6, K5;1
_cTEXL
_2CC
999 _c288458
_d288458